[Event "CRO Cup"]
[Site "Mali Losinj"]
[Date "2025.05.18"]
[Round "6.1"]
[White "Jakovljevic, Vlado"]
[Black "Brkic, Ante"]
[Result "0-1"]
[WhiteElo "2344"]
[BlackElo "2593"]
[PlyCount "80"]
[EventDate "2025.05.14"]
[EventType "team-tourn"]
[EventRounds "6"]
[EventCountry "CRO"]
[SourceTitle "CB21_2025"]
[SourceDate "2025.05.21"]
[SourceVersion "1"]
[SourceVersionDate "2025.05.21"]
[SourceQuality "1"]
[WhiteTeam "Hercegovac Braslav Rabar"]
[BlackTeam "Solin Cemex"]
[WhiteTeamCountry "CRO"]
[BlackTeamCountry "CRO"]

1. Nf3 d5 2. d4 Nf6 3. c4 e6 4. Nc3 Bb4 5. Qa4+ Nc6 6. e3 0-0 7. Qc2 Re8 8. Bd2 b6 9. a3 Bf8 10. cxd5 exd5 11. Bd3 Ne7 12. Ne2 Bb7 13. Ng3 Ng6 14. b4 Ne4 15. 0-0 Qd7 16. b5 a5 17. bxa6 Bxa6 18. Nxe4 Bxd3 19. Nf6+ gxf6 20. Qxd3 Ra4 21. Bc1 Bd6 22. Bb2 Ra5 23. Rfb1 Rea8 24. h3 Qe7 25. Qf5 Qe6 26. Qd3 Ra4 27. Nd2 f5 28. Re1 Kh8 29. Nf3 f6 30. Kf1 Ne7 31. Nd2 Qc8 32. Kg1 Qd7 33. Rec1 Rg8 34. Kh1 Qe6 35. Rc3 Rg6 36. Qe2 Ra8 37. Rg1 Rag8 38. f4 Bxf4 39. Qf3 Bd6 40. Nf1 Qe4 0-1

[Event "CRO Cup"]
[Site "Mali Losinj"]
[Date "2025.05.15"]
[Round "2.1"]
[White "Safar, Sandro"]
[Black "Brkic, Ante"]
[Result "0-1"]
[WhiteElo "2340"]
[BlackElo "2593"]
[PlyCount "120"]
[EventDate "2025.05.14"]
[EventType "team-tourn"]
[EventRounds "6"]
[EventCountry "CRO"]
[SourceTitle "CB21_2025"]
[SourceDate "2025.05.21"]
[SourceVersion "1"]
[SourceVersionDate "2025.05.21"]
[SourceQuality "1"]
[WhiteTeam "Dugo Selo"]
[BlackTeam "Solin Cemex"]
[WhiteTeamCountry "CRO"]
[BlackTeamCountry "CRO"]

1. d4 Nf6 2. Nc3 d5 3. Bf4 e6 4. Nb5 Na6 5. e3 Be7 6. Nf3 0-0 7. Ne5 Ne4 8. f3 Nf6 9. Nc3 Nb8 10. g4 c5 11. Qd2 Ne8 12. Nd3 c4 13. Nf2 Nc6 14. Bg2 a6 15. 0-0 b5 16. Ne2 f5 17. Be5 Bh4 18. gxf5 exf5 19. b3 Be6 20. bxc4 dxc4 21. Bg3 Bxg3 22. hxg3 Bf7 23. e4 fxe4 24. fxe4 b4 25. c3 a5 26. Rad1 Nc7 27. Nf4 Nb5 28. e5 bxc3 29. Qe3 c2 30. Bxc6 cxd1Q 31. Rxd1 Qb6 32. Bxa8 Rxa8 33. e6 Be8 34. Qf3 Rc8 35. d5 c3 36. Ne2 c2 37. Rc1 Nd4 38. Qe3 Nxe2+ 39. Qxe2 Bg6 40. Qe5 Rf8 41. Qe1 Qc5 42. e7 Re8 43. Qe6+ Bf7 44. Qe2 Qa3 45. Nd3 Qxa2 46. Nf4 Qa3 47. Rxc2 Qxg3+ 48. Ng2 Qd6 49. Qb5 Qxd5 50. Rc5 Qd1+ 51. Kh2 Qd6+ 52. Kg1 a4 53. Rf5 g6 54. Rf1 a3 55. Ne3 a2 56. Qb2 Qc5 57. Rxf7 Kxf7 58. Qxa2+ Kxe7 59. Qf2 Kd7 60. Kh1 Rxe3 0-1

[Event "CRO Cup"]
[Site "Mali Losinj"]
[Date "2025.05.14"]
[Round "1.1"]
[White "Brkic, Ante"]
[Black "Dabo Peranic, Robert"]
[Result "1-0"]
[WhiteElo "2593"]
[BlackElo "2338"]
[PlyCount "99"]
[EventDate "2025.05.14"]
[EventType "team-tourn"]
[EventRounds "6"]
[EventCountry "CRO"]
[SourceTitle "CB21_2025"]
[SourceDate "2025.05.21"]
[SourceVersion "1"]
[SourceVersionDate "2025.05.21"]
[SourceQuality "1"]
[WhiteTeam "Solin Cemex"]
[BlackTeam "Slavonski Brod"]
[WhiteTeamCountry "CRO"]
[BlackTeamCountry "CRO"]

1. e4 e5 2. Nf3 Nf6 3. d4 exd4 4. e5 Ne4 5. Qxd4 d5 6. exd6 Nxd6 7. Nc3 Nc6 8. Qf4 Bf5 9. Bb5 Qe7+ 10. Be3 Nxb5 11. Nxb5 Qb4+ 12. Qxb4 Bxb4+ 13. c3 Bd6 14. Nxd6+ cxd6 15. 0-0-0 Be6 16. b3 d5 17. Rhe1 f6 18. Nd4 Nxd4 19. Rxd4 0-0-0 20. Bh6 Rde8 21. Bxg7 Rhg8 22. Bxf6 Rxg2 23. Rxd5 Bxd5 24. Rxe8+ Kd7 25. Rd8+ Kc6 26. Bd4 a6 27. c4 Be4 28. Re8 Bg6 29. Re6+ Kd7 30. Rb6 Kc8 31. Rd6 Be8 32. Bb6 Bd7 33. Rf6 Be8 34. h4 Rg4 35. Rd6 Bd7 36. h5 Rg5 37. h6 Re5 38. Be3 Re6 39. Rd4 b6 40. Rf4 Be8 41. Rf8 Kb7 42. Rg8 Bg6 43. Rg7+ Kc6 44. Kb2 a5 45. a3 b5 46. cxb5+ Kxb5 47. Rb7+ Kc6 48. Rb6+ Kd7 49. Rxe6 Kxe6 50. a4 1-0

[Event "Bundesliga 2425"]
[Site "Germany"]
[Date "2025.04.26"]
[Round "14.2"]
[White "Kasimdzhanov, Rustam"]
[Black "Brkic, Ante"]
[Result "1/2-1/2"]
[WhiteElo "2685"]
[BlackElo "2642"]
[PlyCount "70"]
[EventDate "2024.09.28"]
[EventType "team-tourn"]
[EventRounds "15"]
[EventCountry "GER"]
[SourceTitle "CB18_2025"]
[SourceDate "2025.04.30"]
[SourceVersion "1"]
[SourceVersionDate "2025.04.30"]
[SourceQuality "1"]
[WhiteTeam "Baden-Baden"]
[BlackTeam "Kirchweyhe"]
[WhiteTeamCountry "GER"]
[BlackTeamCountry "GER"]

1. c4 e5 2. g3 Nf6 3. Bg2 d5 4. cxd5 Nxd5 5. Nf3 Nc6 6. 0-0 Be7 7. d4 e4 8. Ne5 f5 9. Nxc6 bxc6 10. Qc2 Bd7 11. f3 exf3 12. Rxf3 0-0 13. Nc3 Kh8 14. Nxd5 cxd5 15. Bf4 Rc8 16. Rc3 c6 17. a3 Bf6 18. e3 g5 19. Bd6 Re8 20. Rf1 Bg7 21. b4 Be6 22. Bc5 Qd7 23. Qd3 Rc7 24. a4 Qd8 25. b5 cxb5 26. axb5 Rb7 27. Ra3 Qd7 28. Ra5 Reb8 29. Rfa1 Rxb5 30. Rxa7 R5b7 31. Ra8 h6 32. Bf3 Qe8 33. Rxb8 Qxb8 34. Rf1 Rb3 35. Ra1 Rb7 1/2-1/2

[Event "Bundesliga 2425"]
[Site "Germany"]
[Date "2025.02.23"]
[Round "10.10"]
[White "Brkic, Ante"]
[Black "Socko, Bartosz"]
[Result "1/2-1/2"]
[WhiteElo "2642"]
[BlackElo "2551"]
[PlyCount "133"]
[EventDate "2024.09.28"]
[EventType "team-tourn"]
[EventRounds "15"]
[EventCountry "GER"]
[SourceTitle "CB09_2025"]
[SourceDate "2025.02.27"]
[SourceVersion "1"]
[SourceVersionDate "2025.02.27"]
[SourceQuality "1"]
[WhiteTeam "Kirchweyhe"]
[BlackTeam "St Pauli"]
[WhiteTeamCountry "GER"]
[BlackTeamCountry "GER"]

1. e4 e5 2. Nf3 Nc6 3. Bb5 a6 4. Ba4 Nge7 5. c3 Ng6 6. d4 exd4 7. Nxd4 b5 8. Nxc6 dxc6 9. Qxd8+ Kxd8 10. Bc2 c5 11. Be3 Bd6 12. Nd2 Re8 13. 0-0-0 Bb7 14. g3 c4 15. f4 f6 16. Rhe1 Kc8 17. Bf2 Bc6 18. Nf3 Kb7 19. Nd4 Bc5 20. Bg1 Rad8 21. Rd2 Bb6 22. Rde2 Bd7 23. e5 fxe5 24. fxe5 Bg4 25. Re4 Bxd4 26. Bxd4 Bf5 27. R4e2 Bd3 28. Bxd3 cxd3 29. Rd2 Rd5 30. b4 Nxe5 31. Rxe5 Rdxe5 32. Bxe5 Rxe5 33. Rxd3 Re2 34. Rd7 Rxa2 35. h4 g6 36. Rxh7 Rg2 37. h5 Rxg3 38. Kc2 gxh5 39. Rxh5 Rg4 40. Kb3 Rc4 41. Rg5 Kb6 42. Rg8 Rc6 43. Rb8+ Ka7 44. Rh8 Kb7 45. Rg8 Rf6 46. Rh8 Rf7 47. Rg8 c6 48. Rh8 Kb6 49. Rb8+ Kc7 50. Ra8 Kb7 51. Rh8 Rc7 52. Rg8 Rc8 53. Rg7+ Rc7 54. Rg8 Kb6 55. Rb8+ Rb7 56. Ra8 Ra7 57. Rh8 Re7 58. Rb8+ Kc7 59. Ra8 Kb7 60. Rh8 Rc7 61. Rg8 c5 62. bxc5 Rxc5 63. Rg7+ Kb6 64. Rg6+ Rc6 65. Rxc6+ Kxc6 66. c4 bxc4+ 67. Kxc4 1/2-1/2

[Event "Bundesliga 2425"]
[Site "Germany"]
[Date "2025.02.02"]
[Round "8.2"]
[White "Pultinevicius, Paulius"]
[Black "Brkic, Ante"]
[Result "1-0"]
[WhiteElo "2587"]
[BlackElo "2642"]
[PlyCount "47"]
[EventDate "2024.09.28"]
[EventType "team-tourn"]
[EventRounds "15"]
[EventCountry "GER"]
[SourceTitle "CB06_2025"]
[SourceDate "2025.02.05"]
[SourceVersion "1"]
[SourceVersionDate "2025.02.05"]
[SourceQuality "1"]
[WhiteTeam "Bad Mergentheim"]
[BlackTeam "Kirchweyhe"]
[WhiteTeamCountry "GER"]
[BlackTeamCountry "GER"]

1. d4 Nf6 2. c4 e6 3. Nf3 d5 4. Nc3 Bb4 5. Qa4+ Nc6 6. e3 0-0 7. Qc2 Re8 8. Bd2 b6 9. Bd3 Bb7 10. 0-0 Bf8 11. a3 Ne7 12. Rad1 dxc4 13. Bxc4 Bxf3 14. gxf3 Nf5 15. Bc1 Bd6 16. f4 c5 17. d5 exd5 18. Nxd5 Nh4 19. f3 Nxd5 20. Bxd5 Rc8 21. e4 c4 22. f5 g5 23. Kh1 h6 24. f4 1-0

[Event "EU-Cup 39th"]
[Site "Vrnjacka Banja"]
[Date "2024.10.23"]
[Round "4.5"]
[White "Narayanan, Sunilduth Lyna"]
[Black "Brkic, Ante"]
[Result "1-0"]
[WhiteElo "2640"]
[BlackElo "2626"]
[PlyCount "111"]
[EventDate "2024.10.20"]
[EventType "team-swiss"]
[EventRounds "7"]
[EventCountry "SRB"]
[SourceTitle "CB44_2024"]
[Source "Chessbase"]
[SourceDate "2024.10.30"]
[SourceVersion "1"]
[SourceVersionDate "2024.10.30"]
[SourceQuality "1"]
[WhiteTeam "Alkaloid"]
[BlackTeam "Ljubljana Tajfun"]
[WhiteTeamCountry "MKD"]
[BlackTeamCountry "SLO"]

1. d4 Nf6 2. c4 e6 3. Nc3 Bb4 4. e3 0-0 5. Nf3 d5 6. Bd2 Nbd7 7. Rc1 Be7 8. cxd5 exd5 9. Bd3 c6 10. 0-0 Bd6 11. Qc2 h6 12. Rfe1 Re8 13. h3 Nf8 14. a3 Bd7 15. e4 dxe4 16. Nxe4 Nxe4 17. Bxe4 Be6 18. Ne5 Bxe5 19. dxe5 Bd5 20. Rcd1 Ne6 21. Be3 Nc7 22. f4 Bxe4 23. Qxe4 Qe7 24. Bf2 Nd5 25. f5 a5 26. Rd3 a4 27. Rg3 f6 28. e6 Ra5 29. Rd1 g5 30. h4 Rb5 31. hxg5 hxg5 32. Bd4 Rb3 33. Rxb3 axb3 34. Qf3 Qh7 35. Rf1 Qh4 36. Bf2 Qc4 37. Qh5 Re7 38. Qg6+ Kf8 39. Rd1 Rg7 40. Qh5 Kg8 41. Re1 Re7 42. Qe2 Qf4 43. Qe4 Qd6 44. Qf3 Qf4 45. Qe4 Rh7 46. g3 Qd2 47. Qe2 Qxe2 48. Rxe2 Kf8 49. Bc5+ Ke8 50. Re4 Kd8 51. Ra4 Kc7 52. Ra8 g4 53. Rf8 Rh5 54. e7 Nxe7 55. Bxe7 Rxf5 56. Rxf6 1-0

[Event "CRO-chT1A 32nd"]
[Site "Veli Losinj"]
[Date "2024.10.10"]
[Round "6.3"]
[White "Brkic, Ante"]
[Black "Christiansen, Johan Sebastian"]
[Result "1/2-1/2"]
[WhiteElo "2626"]
[BlackElo "2650"]
[PlyCount "80"]
[EventDate "2024.10.05"]
[EventType "team-tourn"]
[EventRounds "9"]
[EventCountry "CRO"]
[SourceTitle "CB47_2024"]
[SourceDate "2024.11.20"]
[SourceVersion "1"]
[SourceVersionDate "2024.11.20"]
[SourceQuality "1"]
[WhiteTeam "Solin Cemex"]
[BlackTeam "Split Mornar"]
[WhiteTeamCountry "CRO"]
[BlackTeamCountry "CRO"]

1. e4 e5 2. Nf3 Nc6 3. Bb5 a6 4. Ba4 b5 5. Bb3 Na5 6. 0-0 d6 7. d4 Nxb3 8. axb3 f6 9. Nc3 Bb7 10. Qd3 Ne7 11. Rd1 Qc8 12. h3 g6 13. dxe5 dxe5 14. Be3 Kf7 15. Bc5 Qe6 16. Nd5 Rd8 17. c4 c6 18. Ng5+ fxg5 19. Qf3+ Nf5 20. Nc7 Qf6 21. Rxd8 Qxd8 22. Nxa6 Qa8 23. Bxf8 Rxf8 24. exf5 Kg7 25. Qe3 Rxf5 26. Ra3 Bxa6 27. Qb6 Qg8 28. Qxa6 Qd8 29. Ra1 Qd4 30. Qa7+ Rf7 31. Qxd4 exd4 32. Kf1 bxc4 33. bxc4 Rb7 34. Ra6 Rxb2 35. Rxc6 d3 36. Ke1 Re2+ 37. Kf1 Rc2 38. Ke1 Re2+ 39. Kf1 Ra2 40. Ke1 Re2+ 1/2-1/2

[Event "CRO-chT1A 32nd"]
[Site "Veli Losinj"]
[Date "2024.10.06"]
[Round "2.3"]
[White "Brkic, Ante"]
[Black "Doric, Darko"]
[Result "1-0"]
[WhiteElo "2626"]
[BlackElo "2445"]
[PlyCount "73"]
[EventDate "2024.10.05"]
[EventType "team-tourn"]
[EventRounds "9"]
[EventCountry "CRO"]
[SourceTitle "CB47_2024"]
[SourceDate "2024.11.20"]
[SourceVersion "1"]
[SourceVersionDate "2024.11.20"]
[SourceQuality "1"]
[WhiteTeam "Solin Cemex"]
[BlackTeam "Sveta Nedelja"]
[WhiteTeamCountry "CRO"]
[BlackTeamCountry "CRO"]

1. e4 c6 2. d4 d5 3. e5 Bf5 4. Nf3 e6 5. Be2 c5 6. Be3 cxd4 7. Nxd4 Ne7 8. 0-0 Nbc6 9. Bb5 a6 10. Bxc6+ Nxc6 11. Nxf5 exf5 12. c3 Be7 13. Nd2 Nxe5 14. Bd4 f6 15. Re1 Nc6 16. Qb3 Kf7 17. Qxb7 Nxd4 18. cxd4 Qd6 19. Qb3 Rhb8 20. Qf3 Rxb2 21. Nb3 Ra7 22. Qxf5 g6 23. Qh3 h5 24. Nc5 Bf8 25. Qf3 Re7 26. h4 Qd8 27. Nd3 Rxe1+ 28. Rxe1 Rxa2 29. Rb1 Ra3 30. Rb7+ Kg8 31. g3 Bg7 32. Qe2 Qc8 33. Rxg7+ Kxg7 34. Qe7+ Kh6 35. Qxa3 g5 36. hxg5+ Kxg5 37. Qe7 1-0

[Event "Olympiad-45"]
[Site "Budapest"]
[Date "2024.09.18"]
[Round "7.1"]
[White "Brkic, Ante"]
[Black "Sadorra, Julio Catalino"]
[Result "1/2-1/2"]
[WhiteElo "2642"]
[BlackElo "2542"]
[PlyCount "62"]
[EventDate "2024.09.11"]
[EventType "team-swiss"]
[EventRounds "11"]
[EventCountry "HUN"]
[SourceTitle "EXT 2025"]
[Source "ChessBase"]
[SourceDate "2024.10.14"]
[SourceVersion "1"]
[SourceVersionDate "2024.10.14"]
[SourceQuality "1"]
[WhiteTeam "Croatia"]
[BlackTeam "Philippines"]
[WhiteTeamCountry "CRO"]
[BlackTeamCountry "PHI"]

1. e4 e5 2. Nf3 Nc6 3. Bb5 a6 4. Ba4 Nge7 5. c3 f6 6. d4 d5 7. dxe5 dxe4 8. Nd4 b5 9. Bb3 Nxd4 10. exf6 Nf3+ 11. gxf3 Qxd1+ 12. Bxd1 gxf6 13. Nd2 Bb7 14. fxe4 0-0-0 15. Bc2 Ng6 16. Nb3 Re8 17. Be3 Bxe4 18. Bxe4 Rxe4 19. 0-0-0 Bd6 20. Rd4 Rhe8 21. Rg1 f5 22. Rxe4 Rxe4 23. Rg5 f4 24. Nd2 Re5 25. Rxe5 Bxe5 26. Bc5 Kd7 27. Nf3 Ke6 28. Kd2 Kd5 29. Bd4 c5 30. Bxe5 Nxe5 31. Nxe5 Kxe5 1/2-1/2

[Event "BIH-chT 22nd"]
[Site "Neum"]
[Date "2024.09.04"]
[Round "5.1"]
[White "Brkic, Ante"]
[Black "Zivkovic, Vjekoslav"]
[Result "1-0"]
[WhiteElo "2642"]
[BlackElo "2329"]
[PlyCount "53"]
[EventDate "2024.09.01"]
[EventType "team-tourn"]
[EventRounds "9"]
[EventCountry "BIH"]
[SourceTitle "EXT 2025"]
[Source "ChessBase"]
[SourceDate "2024.10.14"]
[SourceVersion "1"]
[SourceVersionDate "2024.10.14"]
[SourceQuality "1"]

1. e4 e5 2. Nf3 Nc6 3. Bb5 a6 4. Ba4 Nf6 5. d3 b5 6. Bb3 Bc5 7. c3 d6 8. Bg5 h6 9. Bh4 0-0 10. Nbd2 Bb6 11. h3 Na5 12. Bc2 c5 13. g4 g5 14. Bg3 Ne8 15. Nf1 f6 16. Ne3 Ra7 17. h4 Rh7 18. Nf5 Be6 19. Qe2 Qc7 20. Kf1 Nc6 21. Kg2 Ne7 22. hxg5 hxg5 23. Rxh7 Kxh7 24. Rh1+ Kg8 25. Rh6 Nxf5 26. gxf5 Bf7 27. Nxg5 1-0

[Event "BIH-chT 22nd"]
[Site "Neum"]
[Date "2024.09.03"]
[Round "4.1"]
[White "Burovic, Rijad"]
[Black "Brkic, Ante"]
[Result "1-0"]
[WhiteElo "2426"]
[BlackElo "2642"]
[PlyCount "113"]
[EventDate "2024.09.01"]
[EventType "team-tourn"]
[EventRounds "9"]
[EventCountry "BIH"]
[SourceTitle "EXT 2025"]
[Source "ChessBase"]
[SourceDate "2024.10.14"]
[SourceVersion "1"]
[SourceVersionDate "2024.10.14"]
[SourceQuality "1"]

1. e4 c5 2. Nf3 d6 3. d4 cxd4 4. Nxd4 Nf6 5. Nc3 a6 6. h3 g6 7. Be3 Bg7 8. Qd2 b5 9. 0-0-0 Bb7 10. f3 Nbd7 11. g4 Nb6 12. h4 h5 13. gxh5 Nxh5 14. Qf2 Nd7 15. Kb1 Rc8 16. Bh3 Rxc3 17. Bxd7+ Qxd7 18. bxc3 Qc7 19. Nb3 Qxc3 20. Bd4 Bxd4 21. Qxd4 Qxd4 22. Rxd4 Nf4 23. c4 Rh5 24. cxb5 axb5 25. Na5 Bc8 26. Rd2 Be6 27. Nc6 Bc4 28. Rhh2 f6 29. Nb4 Kf7 30. Nc2 d5 31. exd5 Bxd5 32. Ne1 Re5 33. Nd3 Nxd3 34. Rxd3 Rf5 35. Rh3 e6 36. a3 Kg7 37. Kc1 Kh6 38. Kd2 Rf4 39. Ke3 Ra4 40. Rh2 Kh5 41. Rb2 Bc4 42. Rc3 Ra5 43. Rb4 Bd5 44. Kd4 Kxh4 45. Kc5+ Kg3 46. Rg4+ Kf2 47. Rxg6 f5 48. Rh6 Ra4 49. Kxb5 Rf4 50. Kc5 Rxf3 51. Rxf3+ Kxf3 52. Kd4 f4 53. Rf6 Kg3 54. a4 Bc6 55. a5 Bb5 56. Rxe6 Kg2 57. a6 1-0

[Event "TUR-chT"]
[Site "Ankara"]
[Date "2024.07.23"]
[Round "12.15"]
[White "Brkic, Ante"]
[Black "Annaberdiev, Meilis"]
[Result "1-0"]
[WhiteElo "2637"]
[BlackElo "2467"]
[PlyCount "151"]
[EventDate "2024.07.14"]
[EventType "team-tourn"]
[EventRounds "15"]
[EventCountry "TUR"]
[SourceTitle "EXT 2025"]
[Source "ChessBase"]
[SourceDate "2024.10.14"]
[SourceVersion "1"]
[SourceVersionDate "2024.10.14"]
[SourceQuality "1"]
[WhiteTeam "Gokturk"]
[BlackTeam "Hufeder Fenerbahce"]
[WhiteTeamCountry "TUR"]
[BlackTeamCountry "TUR"]

1. e4 e5 2. Nf3 Nc6 3. Bb5 Bc5 4. c3 Nf6 5. d3 0-0 6. 0-0 d6 7. h3 Ne7 8. d4 c6 9. Bd3 Bb6 10. Nbd2 Ng6 11. Re1 Re8 12. a4 Bc7 13. Qc2 Nh5 14. Bf1 Nhf4 15. Kh1 Qf6 16. b4 d5 17. Bb2 exd4 18. cxd4 Nh4 19. e5 Qg6 20. Qxg6 Nhxg6 21. Nb3 Bf5 22. Re3 f6 23. Nc5 b6 24. Na6 Bd8 25. Rc1 Bd7 26. b5 Rc8 27. g3 Ne6 28. Rec3 c5 29. dxc5 bxc5 30. Nxc5 Rxc5 31. Rxc5 Nxc5 32. Rxc5 fxe5 33. Rxd5 Bf5 34. Rd1 Be4 35. Bc4+ Kh8 36. Bd5 Bc2 37. Ra1 Ba5 38. Ng5 h6 39. Be4 Bxe4+ 40. Nxe4 Rd8 41. Rc1 Rd3 42. Rc6 Kh7 43. Ra6 Bb6 44. a5 Bxf2 45. Nxf2 Rd2 46. Ne4 Rxb2 47. Rxa7 Nf8 48. b6 Ne6 49. Rf7 Nd8 50. Rc7 Ne6 51. Rf7 Nd8 52. Rf3 Ra2 53. Rb3 Nb7 54. Rb5 Ra3 55. Kg2 Ra2+ 56. Kf3 Ra3+ 57. Ke2 Kg6 58. Kf2 Ra2+ 59. Kf1 Ra3 60. Kg2 Ra2+ 61. Kf3 Ra3+ 62. Ke2 Kf5 63. Nc5 Nxa5 64. Nd3 Ra2+ 65. Kf3 Ra3 66. Ke2 Ra2+ 67. Kf3 Ra3 68. Rxe5+ Kf6 69. Ke4 Nc4 70. Rc5 Nd2+ 71. Ke3 Nf1+ 72. Kd4 Rb3 73. Rc6+ Ke7 74. Nc5 Rb1 75. b7 Nxg3 76. Rc8 1-0

[Event "TUR-chT"]
[Site "Ankara"]
[Date "2024.07.21"]
[Round "10.20"]
[White "Petkov, Momchil"]
[Black "Brkic, Ante"]
[Result "1-0"]
[WhiteElo "2497"]
[BlackElo "2637"]
[PlyCount "103"]
[EventDate "2024.07.14"]
[EventType "team-tourn"]
[EventRounds "15"]
[EventCountry "TUR"]
[SourceTitle "EXT 2025"]
[Source "ChessBase"]
[SourceDate "2024.10.14"]
[SourceVersion "1"]
[SourceVersionDate "2024.10.14"]
[SourceQuality "1"]
[WhiteTeam "Burhaniye"]
[BlackTeam "Gokturk"]
[WhiteTeamCountry "TUN"]
[BlackTeamCountry "TUR"]

1. Nf3 d5 2. g3 g6 3. Bg2 Bg7 4. d4 Nf6 5. c4 c6 6. 0-0 0-0 7. Nc3 dxc4 8. e4 b5 9. Qe2 Bg4 10. e5 Nd5 11. a4 Bf5 12. axb5 Bd3 13. Qd1 e6 14. Re1 cxb5 15. Nxd5 exd5 16. e6 fxe6 17. Ng5 Nc6 18. Nxe6 Qd7 19. Bf4 a5 20. Ra3 Nb4 21. Be5 Qxe6 22. Bxg7 Qb6 23. Bxf8 Rxf8 24. Qd2 Nc2 25. Bxd5+ Kh8 26. Rxa5 Nxe1 27. Qxe1 Qxd4 28. Rxb5 g5 29. Rb7 Bg6 30. Qc3 Qxc3 31. bxc3 Rc8 32. Rb4 Bd3 33. f3 Rc5 34. Be4 Re5 35. Kf2 g4 36. Bxd3 cxd3 37. Re4 Rc5 38. c4 d2 39. Ke2 gxf3+ 40. Kxd2 Ra5 41. Rf4 Ra3 42. Rf5 Kg7 43. g4 h6 44. c5 Kg6 45. c6 f2 46. c7 Ra2+ 47. Kc1 Ra1+ 48. Kb2 Ra8 49. Rxf2 Rc8 50. Rc2 Kf6 51. Rc5 Ke6 52. Kc3 1-0

[Event "Saint Louis Summer-A"]
[Site "Saint Louis"]
[Date "2024.06.03"]
[Round "7"]
[White "Brkic, Ante"]
[Black "Hong, Andrew Z"]
[Result "1/2-1/2"]
[WhiteElo "2639"]
[BlackElo "2550"]
[PlyCount "83"]
[EventDate "2024.05.28"]
[EventType "tourn"]
[EventRounds "9"]
[EventCountry "USA"]
[EventCategory "15"]
[SourceTitle "CBM 220 Extra"]
[Source "ChessBase"]
[SourceDate "2024.07.31"]
[SourceVersion "1"]
[SourceVersionDate "2024.07.31"]
[SourceQuality "1"]

1. e4 e5 2. Nf3 Nc6 3. Bb5 a6 4. Ba4 Nf6 5. 0-0 Nxe4 6. Re1 Nc5 7. Bxc6 dxc6 8. Nxe5 Be7 9. d4 Ne6 10. Be3 Bf6 11. Nd2 c5 12. Ndf3 cxd4 13. Bxd4 0-0 14. Bc3 b5 15. Qe2 Bb7 16. Rad1 Qe7 17. Rd7 Qc5 18. Qd2 Bxf3 19. b4 Qb6 20. Nxf3 Bxc3 21. Qxc3 c5 22. Ne5 cxb4 23. Qxb4 Rac8 24. Rd6 Qc5 25. Qxc5 Nxc5 26. Nc6 Rfe8 27. Rxe8+ Rxe8 28. f3 Kf8 29. Kf2 Rc8 30. Nd4 Ke7 31. Nf5+ Kf8 32. Ke3 Ne6 33. Kd2 Rc5 34. Ne3 a5 35. a3 Nc7 36. Rd8+ Ke7 37. Rc8 h5 38. h4 Kd7 39. Rf8 Ke7 40. Rc8 Kd7 41. Rf8 Ke7 42. Rc8 1/2-1/2

[Event "Saint Louis Summer-A"]
[Site "Saint Louis"]
[Date "2024.05.30"]
[Round "3"]
[White "Brkic, Ante"]
[Black "Liang, Awonder"]
[Result "1/2-1/2"]
[WhiteElo "2639"]
[BlackElo "2642"]
[PlyCount "112"]
[EventDate "2024.05.28"]
[EventType "tourn"]
[EventRounds "9"]
[EventCountry "USA"]
[EventCategory "15"]
[SourceTitle "CBM 220 Extra"]
[Source "ChessBase"]
[SourceDate "2024.07.31"]
[SourceVersion "1"]
[SourceVersionDate "2024.07.31"]
[SourceQuality "1"]

1. e4 e5 2. Nf3 Nc6 3. Bb5 a6 4. Ba4 Nf6 5. 0-0 Be7 6. Re1 b5 7. Bb3 d6 8. c3 0-0 9. h3 Bb7 10. d4 Re8 11. Nbd2 Bf8 12. d5 Nb8 13. Nf1 Nbd7 14. Ng3 h6 15. Nh2 c6 16. dxc6 Bxc6 17. Ng4 Nxg4 18. hxg4 Nc5 19. Bd5 Bxd5 20. Qxd5 Qh4 21. Qd1 g6 22. Be3 Rad8 23. Qf3 Nd7 24. Nf1 Bg7 25. Rad1 Nf6 26. Bb6 Rd7 27. Ne3 Re6 28. Ba5 Bf8 29. b3 h5 30. gxh5 Nxh5 31. g3 Qg5 32. Qg4 Qxg4 33. Nxg4 Be7 34. Rd3 Kf8 35. Kg2 Ke8 36. Ne3 Bd8 37. Bxd8 Kxd8 38. c4 bxc4 39. bxc4 Nf6 40. Nd5 Nxd5 41. cxd5 Ree7 42. Ra3 Ra7 43. Rb1 Rec7 44. Rb6 Ke7 45. Raxa6 Rxa6 46. Rxa6 f5 47. Kf3 Rc3+ 48. Ke2 fxe4 49. Ra7+ Kf6 50. Rd7 Ra3 51. Rxd6+ Kf5 52. Rd8 Rxa2+ 53. Ke3 Ra3+ 54. Ke2 Ra2+ 55. Ke3 Ra3+ 56. Ke2 Ra2+ 1/2-1/2

[Event "Saint Louis Summer-A"]
[Site "Saint Louis"]
[Date "2024.05.29"]
[Round "2"]
[White "Antipov, Mikhail Al"]
[Black "Brkic, Ante"]
[Result "1/2-1/2"]
[WhiteElo "2598"]
[BlackElo "2639"]
[PlyCount "97"]
[EventDate "2024.05.28"]
[EventType "tourn"]
[EventRounds "9"]
[EventCountry "USA"]
[EventCategory "15"]
[SourceTitle "CBM 220 Extra"]
[Source "ChessBase"]
[SourceDate "2024.07.31"]
[SourceVersion "1"]
[SourceVersionDate "2024.07.31"]
[SourceQuality "1"]

1. e4 c5 2. Nf3 d6 3. d4 cxd4 4. Nxd4 Nf6 5. Nc3 a6 6. Rg1 h5 7. Bc4 e6 8. Qe2 Be7 9. a3 Qb6 10. Be3 Ng4 11. 0-0-0 Nxe3 12. Qxe3 Nc6 13. Na4 Qa5 14. Nxc6 bxc6 15. Nb6 Rb8 16. Nxc8 Rxc8 17. Qa7 Bg5+ 18. Kb1 0-0 19. Rxd6 Qe5 20. Qd4 Qxh2 21. Rd1 Be7 22. Rd7 Rcd8 23. Qe3 Qxg2 24. Be2 Bg5 25. Qg3 Qxe4 26. Bxh5 Rxd7 27. Rxd7 Bf6 28. Bf3 Qc4 29. c3 Qb5 30. Rd2 a5 31. Be4 g6 32. Qf3 Qg5 33. Rd7 c5 34. Ra7 Rb8 35. Kc2 c4 36. a4 Rd8 37. Qe2 Qc5 38. Rb7 Kg7 39. Rb5 Qc7 40. Rb7 Qd6 41. Rb5 Qc7 42. Kb1 Rd7 43. f3 Rd8 44. Ka2 Rh8 45. Rb7 Qc5 46. Rb5 Qc7 47. Rb7 Qc5 48. Rb5 Qc7 49. Rb7 1/2-1/2